LEADER 01459nam--2200457---450- 001 990002990190203316 005 20081028141052.0 010 $a2-86958-044-4 035 $a000299019 035 $aUSA01000299019 035 $a(ALEPH)000299019USA01 035 $a000299019 100 $a20071016d1992----km-y0itay50------ba 101 $afre 102 $aGR 105 $aa---||||001yy 200 1 $a<> stèle du port$efouilles du port 1$erecherches sur une nouvelle inscription thasienne$fpar Hervé Duchene 210 $aAthènes$cÉcole française d'Athènes$d1992 215 $a155 p., XX p. di tav.$cill.$d30 cm. 225 2 $aÉtudes thasiennes$v14 300 $aIn testa al front.: École française d'Athènes 410 0$12001$aÉtudes thasiennes$v14 454 1$12001 461 1$1001$12001 606 0 $aIscrizioni greche$yTaso 606 0 $aTaso $xStoria$zAntichità$xFonti epigrafiche 676 $a939.11 700 1$aDUCHENE,$bHervé$0186305 801 0$aIT$bsalbc$gISBD 912 $a990002990190203316 951 $aXI.3.C. 52$b199184 L.M.$cXI.3.C.$d00161607 951 $aI T TAS 2/14$b6762 DBC$cI T 959 $aBK 969 $aUMA 969 $aDBC 979 $aRIVELLI$b90$c20071016$lUSA01$h1123 979 $aRIVELLI$b90$c20071016$lUSA01$h1126 979 $aRIVELLI$b90$c20071016$lUSA01$h1136 979 $aDBC$b90$c20081028$lUSA01$h1410 996 $aStèle du port$9283068 997 $aUNISA LEADER 02068nam 2200457 450 001 9910798768103321 005 20230807212922.0 010 $a2-335-16757-X 035 $a(CKB)3710000000853741 035 $a(EBL)4679040 035 $a(MiAaPQ)EBC4679040 035 $a(Au-PeEL)EBL4679040 035 $a(CaPaEBR)ebr11265735 035 $a(OCoLC)958078091 035 $a(EXLCZ)993710000000853741 100 $a20200122d2015 uy 0 101 0 $afre 135 $aur|n|---||||| 181 $ctxt$2rdacontent 182 $cc$2rdamedia 183 $acr$2rdacarrier 200 10$aBiographie des grands inventeurs $edans les sciences, les arts et l'industrie /$fGabriel Joret-Desclosie?res, Charles Beaufrand 210 1$a[Place of publication not identified] :$cLigaran,$d[2015] 210 4$d©2015 215 $a1 online resource (263 p.) 225 0 $aLivre nume?rique 300 $aDescription based upon print version of record. 327 $aPage de titre; Avant-propos de la quatrie?me e?dition; Ae?rostation; Agriculture; Architecture; Astronomie; Ce?ramique; Chimie; E?conomie politique; Ge?nie civil; Gravure; He?liographie; Histoire naturelle; Mine?ralogie; Horlogerie; Imprimerie; Jardins (Art de dessiner les); Lithographie; Mathe?matiques & Physique; Mathe?matiques; Physique; Me?canique; Te?le?graphie; Te?le?graphie ae?rienne; Te?le?graphie e?lectrique; Vapeur (Application de la); 1° - Inventeurs qui ont de?couvert et applique? les principes ge?ne?raux de l'action me?canique de la vapeur; 2° - Application de la vapeur a? la navigation 327 $a3° - Application de la machine a? vapeur a? la locomotion sur terrePage de Copyright 606 $aInventors 615 0$aInventors. 676 $a600 700 $aJoret-Desclosie?res$b Gabriel$f1828-$0709220 702 $aBeaufrand$b Charles 801 0$bMiAaPQ 801 1$bMiAaPQ 801 2$bMiAaPQ 906 $aBOOK 912 $a9910798768103321 996 $aBiographie des grands inventeurs$93864408 997 $aUNINA LEADER 03391oam 2200493 450 001 9910779692203321 005 20190911112728.0 010 $a1-299-46236-7 010 $a981-4407-42-9 035 $a(OCoLC)838790838 035 $a(MiFhGG)GVRL8RHZ 035 $a(EXLCZ)992550000001019235 100 $a20130730h20132013 uy 0 101 0 $aeng 135 $aurun|---uuuua 181 $ctxt 182 $cc 183 $acr 200 10$aAndrei Sakharov $equarks and the structure of matter /$fHarry J. Lipkin, Weizmann Institute of Science, Israel 210 $aSingapore $cWorld Scientific Pub. Co.$d2013 210 1$aNew Jersey :$cWorld Scientific,$d[2013] 210 4$d?2013 215 $a1 online resource (xiv, 148 pages) $cillustrations 225 0 $aGale eBooks 300 $aIncludes index. 311 $a981-4407-41-0 320 $aIncludes index. 327 $aContents; Preface; Chapter 1. Quarks and Smuggled Postcards from Andrei Sakharov; Publicity to Help Sakharov and Refuseniks; The Harassment of Andrei Sakharov Despite His Scientific Achievements; Continuing Harassment of Andrei Sakharov; Appeals for Humane Treatment of Sakharov; Chapter 2. Andrei Sakharov and the Weizmann Institute; Sakharov's Contributions and Achievements; Chapter 3. TheWeizmann Institute and the Scientific History of Sakharov's Work; Following up the Formula in the Postcard; Why are There Always Too Many Particles?; Elements and Compounds; How To Test The Quark Theory 327 $aUpdating the 1966 Mass FormulaHow Particles Behave Like Tiny Magnets; Chapter 4. How Scientists Study Nature-Pure and Applied Research; What is Scientific Research?; From Relativistic Quantum Theory to the Human Brain; Appendix; The Impact of Dirac's Positrons on My Own Career; Creative Questioning; Chapter 5. The Building Blocks of Matter-What is a Quark?; The Structure of Matter; How Accelerators are Used as Microscopes; Gaps in the Mendeleev Periodic Table; Why Particles Seem to be Made out of Quarks; Gaps in the Next Mendeleev Table; Excitement About New Particles 327 $aWhy these New Particles were so Confusing-A Historical SurveyThe New Mendeleev Table including all Three Generations; Chapter 6. The Forces of Nature; Gravity and Electromagnetism; Forces and Energy in the Nucleus; The Nuclear Glue; Chapter 7. The Weak Force and the Discovery of the W Particle; Index 330 $aIn 1980, the Cold War was in full bloom. The Soviet father of the hydrogen bomb and Nobel Peace Laureate turned dissident physicist, Andrei Sakharov, had been exiled to Gorki by the Soviet authorities. Called "senile" and under heavy Soviet censorship, Sakharov had a hard time communicating his latest scientific results to readers outside of Gorki. Some smuggled results reached the author, Harry Lipkin, who then realized that he and Sakharov were both pioneers in a new revolution on our understanding the structure of matter. The particle physics community had resisted their revelation that the 606 $aQuarks 606 $aNuclear physics$xHistory 615 0$aQuarks. 615 0$aNuclear physics$xHistory. 676 $a539.72167 676 $a947.084092 700 $aLipkin$b Harry J$048854 801 0$bMiFhGG 801 1$bMiFhGG 906 $aBOOK 912 $a9910779692203321 996 $aAndrei Sakharov$93800635 997 $aUNINA